| 000 | 01459nam0a22002771 4500 | ||
|---|---|---|---|
| 001 | rc\4748088 | ||
| 005 | 20260407041654.0 | ||
| 021 |
_aRU _b[66-62980] |
||
| 035 | _a(NLR Aleph) 009008638 | ||
| 090 |
_a9353169 _c9353169 |
||
| 100 | _a20130417d1966 |||y0rusy50 ca | ||
| 101 | 0 | _arus | |
| 102 | _aRU | ||
| 105 | _aa z ||||| | ||
| 200 | 1 |
_aЭкономико-математическая модель формирования себестоимости добычи угля на шахтах комбината "Воркутуголь" _eКраткий науч. отчет _fОтв. исполнитель инж. Х.И. Афенченко _gИн-т горного дела им. А.А. Скочинского. Лаборатория комплексных горно-экон. проблем |
|
| 210 |
_aМосква _cБ. и. _d1966 |
||
| 215 |
_a36 с. _cчерт. _d21 |
||
| 320 | _aБиблиогр.: с. 36 (15 назв.) | ||
| 606 |
_aУгледобыча _xСебестоимость _xМатематические исследования _2psbo |
||
| 702 | 1 |
_aАфенченко _bХ.И. _4570 |
|
| 710 | 0 | 2 |
_aИнститут горного дела им. А.А.Скочинского _cМосква _bЛаборатория комплексных горноэкономических проблем _3RU\NLR\AUTH\8810013816 _9525527 |
| 801 | 0 |
_aRU _bNLR _gpsbo |
|
| 801 | 1 |
_aRU _bELAR _2rusmarc |
|
| 852 |
_aNLR _j66-6/10009 |
||
| 942 | _cBOOK | ||
| 980 | _aNB | ||